Catálogo
 En Linea

Catálogo colectivo de publicaciones periódicas en ciencias sociales y humanidades / (Registro nro. 25942)

Detalles MARC
000 -CABECERA
campo de control de longitud fija 00654nam a2200169 a 4500
001 - NÚMERO DE CONTROL
campo de control 000026450
005 - FECHA Y HORA DE LA ÚLTIMA TRANSACCIÓN
campo de control 20200930030230.0
008 - DATOS DE LONGITUD FIJA--INFORMACIÓN GENERAL
campo de control de longitud fija 110318s2000 dr 000 0 spa d
020 ## - NÚMERO INTERNACIONAL ESTÁNDAR DEL LIBRO
Número Internacional Estándar del Libro 9993480711
040 ## - FUENTE DE LA CATALOGACIÓN
Centro catalogador/agencia de origen DO-SdBNP
Lengua de catalogación spa
Centro/agencia transcriptor BNPHU
049 ## - FONDOS LOCALES (OCLC)
Fondos de biblioteca BNPD
245 00 - MENCIÓN DE TÍTULO
Título Catálogo colectivo de publicaciones periódicas en ciencias sociales y humanidades /
Mención de responsabilidad, etc. editado Dulce María Núñez de Taveras.
260 ## - PUBLICACIÓN, DISTRIBUCIÓN, ETC.
Lugar de publicación, distribución, etc. Santo Domingo :
Nombre del editor, distribuidor, etc. ADRU
-- ABUD,
Fecha de publicación, distribución, etc. 2000.
Fabricante Editora Búho
300 ## - DESCRIPCIÓN FÍSICA
Extensión 679 P. ;
Dimensiones 23 cm.
710 1# - PUNTO DE ACCESO ADICIONAL--NOMBRE DE ENTIDAD CORPORATIVA
Nombre de entidad corporativa o nombre de jurisdicción como elemento de entrada Asociación Dominicana de Rectores de Universidades (ADRU)
9 (RLIN) 53506
710 1# - PUNTO DE ACCESO ADICIONAL--NOMBRE DE ENTIDAD CORPORATIVA
Nombre de entidad corporativa o nombre de jurisdicción como elemento de entrada Asociación de Bibliotecas Universitarias Dominicanas (ABUD)
9 (RLIN) 53507
Existencias
Estado de retiro Estado de pérdida No para préstamo Código de colección Localización permanente Ubicación/localización actual Ubicación en estantería Fecha de adquisición Número de inventario Total de préstamos Signatura topográfica completa Código de barras Fecha visto por última vez Precio válido a partir de Tipo de ítem Koha
    Excluido de préstamo Patrimonio Dominicano Patrimonio Dominicano Patrimonio Dominicano En catalogación 18.03.2011 LF1   26450-10 25.06.2020 25.06.2020 Libro y Folleto Colección Patrimonio Dominicano

Con tecnología Koha